[Event "19th Hoogeveen op"]
[Site "Hoogeveen NED"]
[Date "2015.10.23"]
[Round "8.25"]
[White "Kokje, Joris"]
[Black "Heemskerk, Wim"]
[Result "0-1"]
[WhiteElo "1983"]
[BlackElo "2181"]
[EventDate "2015.10.17"]
[PlyCount "172"]

1.d4 Nf6 2.c4 e6 3.Nf3 Bb4+ 4.Bd2 a5 5.g3 d6 6.Bg2 Nbd7 7.O-O e5 8.dxe5 
Nxe5 9.Nxe5 dxe5 10.Bc3 Qe7 11.Qa4+ Nd7 12.a3 Bxc3 13.Nxc3 c6 14.Rfd1 O-O 
15.Ne4 Nc5 16.Nxc5 Qxc5 17.Qb3 Rb8 18.Qc3 Be6 19.Rac1 Rbd8 20.Rxd8 Rxd8 
21.e3 a4 22.Qc2 Qa5 23.Rd1 Rxd1+ 24.Qxd1 Bxc4 25.Bf1 Bxf1 26.Kxf1 g6 27.
Kg1 Qb5 28.Qd2 Qd5 29.Qc2 b5 30.h4 h5 31.Qc3 Kf8 32.Qb4+ Ke8 33.Qa5 Kd7 
34.Qb4 Ke6 35.Qc3 Kf5 36.Qb4 Ke6 37.Qc3 Qd6 38.Qc2 Kd7 39.Qc3 Kc7 40.Kf1 
Kb6 41.Ke2 c5 42.Qc2 Qd5 43.Qc3 Qe4 44.Ke1 b4 45.Qd2 Kc6 46.Ke2 Qc4+ 47.
Ke1 e4 48.axb4 cxb4 49.Qd8 Qc1+ 50.Ke2 Qxb2+ 51.Kf1 Qa1+ 52.Kg2 Qe5 53.
Qc8+ Kb6 54.Qc4 Qe7 55.Qd4+ Kc6 56.Qc4+ Qc5 57.Qa6+ Kd7 58.Qxa4+ Ke7 59.
Qa8 Qc4 60.Qb7+ Kf6 61.Qb6+ Kg7 62.Qd6 b3 63.g4 hxg4 64.Qe5+ Kf8 65.h5 
gxh5 66.Qxh5 Qe6 67.Qh8+ Ke7 68.Qb8 f6 69.Qc7+ Kf8 70.Qb7 Kg8 71.Qb4 Kg7 
72.Qb8 Kg6 73.Qb4 Kh6 74.Qb5 f5 75.Qb8 Kg6 76.Kg3 Qd5 77.Qb6+ Kf7 78.Qc7+ 
Ke6 79.Qc8+ Kd6 80.Qb8+ Kc5 81.Qc7+ Kb4 82.Qb6+ Kc3 83.Qc7+ Qc4 84.Qe5+ 
Kc2 85.Qxf5 b2 86.Qf7 Qxf7 0-1

[Event "19th Hoogeveen op"]
[Site "Hoogeveen NED"]
[Date "2015.10.23"]
[Round "8.26"]
[White "Van Dorp, Folke"]
[Black "Losekoot, Pascal"]
[Result "1-0"]
[WhiteElo "2168"]
[BlackElo "2126"]
[EventDate "2015.10.17"]
[PlyCount "57"]

1.e4 c5 2.b3 e5 3.Bb2 Nc6 4.Bc4 Nf6 5.d3 d6 6.Nc3 g6 7.Nge2 Bg7 8.O-O O-O 
9.f4 a6 10.a4 exf4 11.Nxf4 Ng4 12.Qe1 Bd4+ 13.Kh1 Ne3 14.Rf2 Nxc4 15.bxc4 
Bxf2 16.Qxf2 Ne5 17.Ncd5 Rb8 18.Qg3 b5 19.Nh5 Be6 20.Nhf6+ Kg7 21.Bxe5 
dxe5 22.Qxe5 Bxd5 23.Ne8+ Kh6 24.Qg7+ Kg5 25.Rf1 Bxe4 26.h4+ Kg4 27.Nf6+ 
Kg3 28.Nxe4+ Kg4 29.Nf6+ 1-0

[Event "19th Hoogeveen op"]
[Site "Hoogeveen NED"]
[Date "2015.10.23"]
[Round "8.27"]
[White "Mellema, Andries"]
[Black "Sparenberg, Erik"]
[Result "0-1"]
[WhiteElo "2162"]
[BlackElo "2088"]
[EventDate "2015.10.17"]
[PlyCount "118"]

1.e4 c5 2.Nf3 d6 3.d4 cxd4 4.Nxd4 Nf6 5.Nc3 a6 6.h3 e6 7.g4 Be7 8.Bg2 O-O 
9.O-O Qc7 10.f4 Nc6 11.Kh1 Nxd4 12.Qxd4 Nd7 13.g5 b5 14.f5 Qc5 15.Qd3 Ne5 
16.Qg3 Bb7 17.Be3 Qb4 18.f6 Bd8 19.fxg7 Kxg7 20.a3 Qxb2 21.Bd4 Rc8 22.Ne2 
Qxc2 23.Nf4 Kg8 24.Rf2 Qc4 25.Rd1 Qa4 26.Rdd2 Rc1+ 27.Kh2 Ng6 28.Nxg6 hxg6
29.Bb2 Rc4 30.Qh4 e5 31.Rxd6 Rxe4 32.Qh6 Be7 33.Rxg6+ fxg6 34.Qxg6+ Kh8 
35.Qh6+ Kg8 36.Qe6+ Kh8 37.Bxe5+ Rxe5 38.Qxe5+ Kg8 39.Qe6+ Kh8 40.Qh6+ Kg8
41.Qe6+ Kh8 42.Qe5+ Kg8 43.Rxf8+ Bxf8 44.Bxb7 Qc2+ 45.Kg3 Qd3+ 46.Kh4 Qh7+
47.Kg4 Qxb7 48.Qe6+ Kh8 49.Qf6+ Bg7 50.Qd8+ Kh7 51.Qd3+ Kg8 52.Kh5 Qf7+ 
53.g6 Qe6 54.Qd8+ Bf8 55.Qd3 Bd6 56.Qf3 Be7 57.Kh6 Qf6 58.Qd5+ Kh8 59.Qa8+
Bd8 0-1

[Event "19th Hoogeveen op"]
[Site "Hoogeveen NED"]
[Date "2015.10.23"]
[Round "8.28"]
[White "Hortensius, Lisa"]
[Black "Lewin, Tammo"]
[Result "1/2-1/2"]
[WhiteElo "2154"]
[BlackElo "2021"]
[EventDate "2015.10.17"]
[PlyCount "64"]

1.e4 Nc6 2.d4 d5 3.e5 f6 4.Bb5 Bf5 5.Nf3 Qd7 6.O-O a6 7.Bd3 Bxd3 8.Qxd3 e6
9.c3 Nge7 10.Re1 fxe5 11.dxe5 Ng6 12.b4 Be7 13.g3 O-O 14.h4 Rf5 15.Nbd2 
Ngxe5 16.Nxe5 Rxe5 17.Rxe5 Nxe5 18.Qe2 Bf6 19.Bb2 Nc6 20.Nf3 e5 21.Rd1 Rd8
22.c4 e4 23.Ng5 Bxg5 24.hxg5 Qe6 25.cxd5 Rxd5 26.Re1 Rxg5 27.Qxe4 Qxe4 28.
Rxe4 Kf7 29.a4 g6 30.Bc3 Rd5 31.Kf1 Rd3 32.Rc4 Rd5 1/2-1/2

[Event "19th Hoogeveen op"]
[Site "Hoogeveen NED"]
[Date "2015.10.23"]
[Round "8.29"]
[White "Bekedam, Tyro"]
[Black "Mijnheer, Peter"]
[Result "1-0"]
[WhiteElo "1981"]
[BlackElo "2154"]
[EventDate "2015.10.17"]
[PlyCount "87"]

1.e4 d6 2.d4 Nf6 3.Nc3 g6 4.f3 c6 5.Be3 Nbd7 6.Qd2 b5 7.d5 cxd5 8.Nxd5 a6 
9.O-O-O Bb7 10.Nf4 Bg7 11.g4 h6 12.Ngh3 Ne5 13.Qf2 Nfd7 14.g5 h5 15.Bd4 e6
16.Rg1 Rc8 17.Kb1 Qc7 18.Rg2 Nc5 19.Nd3 Nexd3 20.Bxd3 Nxd3 21.Rxd3 Bxd4 
22.Qxd4 O-O 23.Qxd6 Qa5 24.Rgd2 b4 25.Rd4 Rc5 26.Qe7 Qb5 27.Rd7 Rd5 28.
R7xd5 Bxd5 29.Nf2 Bc6 30.Nd3 a5 31.Qd6 Rb8 32.Nf4 Be8 33.Kc1 Rc8 34.Nxg6 
Kg7 35.Nf4 Qf1+ 36.Rd1 Qxf3 37.Qe5+ Kh7 38.g6+ fxg6 39.Nxe6 Qe3+ 40.Kb1 
Qa7 41.Ng5+ Kh6 42.h4 Bc6 43.Qf4 Kg7 44.Rf1 1-0

[Event "19th Hoogeveen op"]
[Site "Hoogeveen NED"]
[Date "2015.10.23"]
[Round "8.30"]
[White "Van der Veen, Jan"]
[Black "Boer, Alef"]
[Result "1/2-1/2"]
[WhiteElo "2070"]
[BlackElo "2151"]
[EventDate "2015.10.17"]
[PlyCount "31"]

1.e4 Nf6 2.e5 Nd5 3.d4 d6 4.exd6 exd6 5.c4 Nb6 6.Nc3 Nc6 7.Be3 Be7 8.Bd3 
O-O 9.b3 Re8 10.Nge2 Bg5 11.Qd2 Bxe3 12.fxe3 Qh4+ 13.g3 Qe7 14.Kf2 Bg4 15.
Rhe1 Rad8 16.Nf4 1/2-1/2

[Event "19th Hoogeveen op"]
[Site "Hoogeveen NED"]
[Date "2015.10.23"]
[Round "8.31"]
[White "Hilwerda, Jonas"]
[Black "Van der Marel, Bert"]
[Result "0-1"]
[WhiteElo "1954"]
[BlackElo "2212"]
[EventDate "2015.10.17"]
[PlyCount "32"]

1.e4 e5 2.f4 Nc6 3.Nf3 f5 4.exf5 e4 5.Ne5 Nf6 6.d3 Qe7 7.Nc3 Nxe5 8.fxe5 
Qxe5 9.dxe4 d5 10.Bd3 dxe4 11.Qe2 Bxf5 12.O-O O-O-O 13.Bc4 Bc5+ 14.Be3 Ng4
15.g3 Bxe3+ 16.Kg2 Rd2 0-1

[Event "19th Hoogeveen op"]
[Site "Hoogeveen NED"]
[Date "2015.10.23"]
[Round "8.32"]
[White "Berghuis, Marten"]
[Black "Henseler, Jorgen"]
[Result "1/2-1/2"]
[WhiteElo "1981"]
[BlackElo "2069"]
[EventDate "2015.10.17"]
[PlyCount "39"]

1.e4 e5 2.Nf3 Nc6 3.d4 exd4 4.Nxd4 Nf6 5.Nxc6 bxc6 6.e5 Qe7 7.Qe2 Nd5 8.
Nd2 g6 9.Nf3 Bg7 10.c4 Nb6 11.Bd2 Bb7 12.O-O-O h6 13.h4 Ba6 14.Qe4 d5 15.
cxd5 cxd5 16.Qc2 Bxf1 17.Qc6+ Qd7 18.Qxd7+ Kxd7 19.Rhxf1 c5 20.Bf4 1/2-1/2

[Event "19th Hoogeveen op"]
[Site "Hoogeveen NED"]
[Date "2015.10.23"]
[Round "8.33"]
[White "Poghosyan, Tigran"]
[Black "Elgersma, Simon"]
[Result "1-0"]
[WhiteElo "2182"]
[BlackElo "2055"]
[EventDate "2015.10.17"]
[PlyCount "91"]

1.e4 e6 2.d4 d5 3.Nd2 a6 4.Ngf3 Nf6 5.Bd3 c5 6.exd5 Nxd5 7.dxc5 Bxc5 8.Ne4
Be7 9.a3 Nc6 10.Qe2 Qc7 11.O-O h6 12.c4 Nf4 13.Qe3 Nxd3 14.Qxd3 O-O 15.c5 
Rd8 16.Qc2 e5 17.Ng3 Nd4 18.Nxd4 exd4 19.b4 b6 20.Qe4 Bb7 21.cxb6 Qd7 22.
Qd3 Qc6 23.f3 Qxb6 24.Re1 Rd7 25.Ne4 Bc6 26.Bb2 Bb5 27.Qd2 d3+ 28.Kh1 Rc8 
29.Rac1 Rdc7 30.Nc5 Bxc5 31.bxc5 Rxc5 32.Bd4 Rxc1 33.Bxb6 R1c2 34.Qe3 Re8 
35.Qxe8+ Bxe8 36.Rxe8+ Kh7 37.Rd8 Rb2 38.Bg1 Rb3 39.a4 Ra3 40.a5 f6 41.h3 
Kg6 42.Bb6 Ra1+ 43.Kh2 Rd1 44.g4 Rd2+ 45.Kg3 Rd1 46.Rd5 1-0

[Event "19th Hoogeveen op"]
[Site "Hoogeveen NED"]
[Date "2015.10.23"]
[Round "8.34"]
[White "Vogel, Jaap"]
[Black "Brantjes, Yme"]
[Result "1-0"]
[WhiteElo "2175"]
[BlackElo "1962"]
[EventDate "2015.10.17"]
[PlyCount "75"]

1.d4 Nf6 2.Nf3 c5 3.d5 e6 4.c4 exd5 5.cxd5 d6 6.Nc3 g6 7.e4 Bg7 8.Bb5+ 
Nbd7 9.a4 O-O 10.O-O Nh5 11.Bg5 Qc7 12.Be2 Re8 13.Nd2 Nhf6 14.h3 a6 15.Qc2
Ne5 16.f4 Ned7 17.Nc4 Nb6 18.Nd2 Nfxd5 19.exd5 Bxc3 20.Qxc3 Rxe2 21.Qd3 
Re8 22.Ne4 Nd7 23.Rae1 f5 24.Nxd6 Rxe1 25.Rxe1 Qxd6 26.Qc3 b5 27.Re7 Nf6 
28.Qxf6 Qxf6 29.Bxf6 bxa4 30.d6 Rb8 31.d7 Bxd7 32.Rxd7 Rb6 33.Be5 a3 34.
bxa3 Rb3 35.Rg7+ Kf8 36.Rxh7 Rxa3 37.Rc7 Ra5 38.Rxc5 1-0

[Event "19th Hoogeveen op"]
[Site "Hoogeveen NED"]
[Date "2015.10.23"]
[Round "8.35"]
[White "Hummel, Joop"]
[Black "Munnik, Talitha"]
[Result "0-1"]
[WhiteElo "1990"]
[BlackElo "2037"]
[EventDate "2015.10.17"]
[PlyCount "112"]

1.d4 d5 2.c4 e6 3.Nf3 Nf6 4.g3 Be7 5.Bg2 O-O 6.b3 c5 7.cxd5 exd5 8.O-O Nc6
9.Bb2 Be6 10.Nc3 a6 11.Rc1 Qa5 12.dxc5 Bxc5 13.a3 Ba7 14.b4 Qd8 15.Qd3 h6 
16.Rfd1 Qe7 17.Nh4 Rfd8 18.Na4 Bg4 19.Bxf6 Qxf6 20.Nc5 Ne5 21.Qd4 g5 22.
Nf3 Nxf3+ 23.exf3 Qxd4 24.Rxd4 Be6 25.f4 Rac8 26.fxg5 b6 27.Nb3 Rxc1+ 28.
Nxc1 hxg5 29.Nb3 Bb8 30.Rd3 Be5 31.Nd4 Bxd4 32.Rxd4 Kf8 33.Kf1 Ke7 34.Ke2 
Kd6 35.h4 Ke5 36.Ke3 gxh4 37.f4+ Kf5 38.Bh3+ Kg6 39.g4 f5 40.g5 Rc8 41.Rd3
Kf7 42.Bg2 Ke7 43.Bxd5 Bxd5 44.Rxd5 Rc3+ 45.Kd4 Rxa3 46.Rxf5 Rb3 47.Kc4 
Rg3 48.Rf6 Rg4 49.Kd5 h3 50.Ke5 Rh4 51.Rxb6 h2 52.Rb7+ Ke8 53.Ke6 Kf8 54.
f5 h1=Q 55.Rb8+ Kg7 56.f6+ Kh7 0-1

[Event "19th Hoogeveen op"]
[Site "Hoogeveen NED"]
[Date "2015.10.23"]
[Round "8.36"]
[White "Van Randtwijk, Mick"]
[Black "Kossen, Johannes"]
[Result "1-0"]
[WhiteElo "1852"]
[BlackElo "2029"]
[EventDate "2015.10.17"]
[PlyCount "37"]

1.e4 c5 2.Nf3 e6 3.d4 cxd4 4.Nxd4 Nc6 5.Nc3 Qc7 6.Be3 Nf6 7.Be2 a6 8.O-O 
b5 9.a3 Bb7 10.f4 d6 11.Bf3 Be7 12.Qe1 O-O 13.Qg3 Rfd8 14.e5 Nxd4 15.Bxd4 
dxe5 16.Bxe5 Qb6+ 17.Kh1 Bxf3 18.Rxf3 g6 19.Qh4 1-0

[Event "19th Hoogeveen op"]
[Site "Hoogeveen NED"]
[Date "2015.10.23"]
[Round "8.37"]
[White "De Wolf, Kees"]
[Black "Boersma, Jan"]
[Result "1/2-1/2"]
[WhiteElo "1982"]
[BlackElo "2153"]
[EventDate "2015.10.17"]
[PlyCount "43"]

1.d4 Nf6 2.c4 g6 3.Nc3 Bg7 4.e4 O-O 5.Be2 d6 6.h3 a6 7.Be3 b6 8.Nf3 Bb7 9.
Nd2 e6 10.O-O c5 11.d5 Nbd7 12.a4 e5 13.Bg5 h6 14.Bh4 Bc8 15.g4 Qe8 16.Bd3
Nh7 17.Kh2 Bf6 18.Bg3 Qe7 19.Nf3 Nb8 20.Qd2 Kg7 21.Rg1 a5 22.Kg2 1/2-1/2

[Event "19th Hoogeveen op"]
[Site "Hoogeveen NED"]
[Date "2015.10.23"]
[Round "8.38"]
[White "Van Dael, Siem"]
[Black "Kouwenhoven, Derk"]
[Result "1-0"]
[WhiteElo "1978"]
[BlackElo "1918"]
[EventDate "2015.10.17"]
[PlyCount "41"]

1.c4 e5 2.Nc3 Nf6 3.e4 Nc6 4.d3 Bb4 5.Be2 d6 6.f4 exf4 7.Bxf4 Be6 8.Nf3 
Ne7 9.Qa4+ Nc6 10.O-O Bd7 11.Qc2 Bc5+ 12.Kh1 Ng4 13.Nd1 Nge5 14.Be3 Nxf3 
15.Bxf3 O-O 16.Qf2 Bxe3 17.Nxe3 Ne5 18.Be2 c5 19.Nf5 Bxf5 20.exf5 Qf6 21.
Qf4 1-0

[Event "19th Hoogeveen op"]
[Site "Hoogeveen NED"]
[Date "2015.10.24"]
[Round "9.1"]
[White "Gupta, Abhijeet"]
[Black "Neelotpal, Das"]
[Result "1-0"]
[WhiteElo "2629"]
[BlackElo "2465"]
[EventDate "2015.10.17"]
[PlyCount "39"]

1.d4 Nf6 2.c4 e6 3.g3 d5 4.Bg2 Bb4+ 5.Nd2 O-O 6.Nf3 dxc4 7.Qc2 b5 8.a4 
bxa4 9.Ne5 Nd5 10.O-O Bb7 11.Ndxc4 c5 12.e4 Nf6 13.dxc5 Bxc5 14.Rd1 Qe7 
15.Bg5 h6 16.Bxf6 Qxf6 17.Nd3 Na6 18.Na5 Qe7 19.Nxb7 Qxb7 20.Qxa4 1-0

[Event "19th Hoogeveen op"]
[Site "Hoogeveen NED"]
[Date "2015.10.24"]
[Round "9.2"]
[White "Werle, Jan"]
[Black "Bok, Benjamin"]
[Result "1/2-1/2"]
[WhiteElo "2524"]
[BlackElo "2591"]
[EventDate "2015.10.17"]
[PlyCount "123"]

1.d4 d5 2.c4 e6 3.Nc3 c6 4.e3 Nf6 5.Nf3 Nbd7 6.Bd3 dxc4 7.Bxc4 b5 8.Bd3 
Bb7 9.O-O a6 10.e4 c5 11.d5 c4 12.Bc2 Qc7 13.dxe6 fxe6 14.Ne2 O-O-O 15.
Ned4 Ne5 16.Bf4 Nxf3+ 17.Qxf3 Qb6 18.Ne2 Bd6 19.b3 Bxf4 20.Qxf4 Rhf8 21.
Rad1 Rxd1 22.Rxd1 g5 23.Qf3 cxb3 24.axb3 Kb8 25.Nd4 e5 26.Nf5 Qc5 27.Bb1 
g4 28.Qe2 Qb4 29.Qb2 Nxe4 30.Qxe5+ Ka8 31.Bc2 Qc3 32.Qe7 Qf6 33.Qxf6 Nxf6 
34.Ne3 h5 35.Rd6 Kb8 36.Re6 Kc7 37.Re5 Rd8 38.h4 gxh3 39.gxh3 h4 40.Re7+ 
Rd7 41.Rxd7+ Kxd7 42.Nf5 Be4 43.Bxe4 Nxe4 44.Nxh4 Nc5 45.b4 Nd3 46.Nf3 
Nxb4 47.Nd4 Kd6 48.h4 Nd5 49.h5 Nf6 50.h6 Ke5 51.Nb3 Kf5 52.Kf1 Kg6 53.Ke2
Kxh6 54.Ke3 Kg5 55.Kd4 Kf4 56.Nc5 a5 57.Nd3+ Kf3 58.Kc5 a4 59.Kxb5 a3 60.
Nc1 Kxf2 61.Ka4 Ke3 62.Kxa3 1/2-1/2

[Event "19th Hoogeveen op"]
[Site "Hoogeveen NED"]
[Date "2015.10.24"]
[Round "9.3"]
[White "Pruijssers, Roeland"]
[Black "l`Ami, Erwin"]
[Result "1/2-1/2"]
[WhiteElo "2501"]
[BlackElo "2619"]
[EventDate "2015.10.17"]
[PlyCount "49"]

1.e4 e5 2.Nf3 Nc6 3.Bb5 Nf6 4.d3 Bc5 5.Bxc6 dxc6 6.O-O Bd6 7.Nbd2 Be6 8.b3
Nd7 9.Qe2 O-O 10.Nc4 Bxc4 11.dxc4 a5 12.a4 Qe7 13.Bb2 Nc5 14.Rad1 Ne6 15.
g3 f6 16.Nh4 g6 17.Qg4 Ng5 18.Bc1 Rad8 19.Qe2 Kg7 20.Nf3 Ne6 21.Bb2 Ba3 
22.Bc3 Bb4 23.Bb2 Ba3 24.Bc3 Bb4 25.Bb2 1/2-1/2

[Event "19th Hoogeveen op"]
[Site "Hoogeveen NED"]
[Date "2015.10.24"]
[Round "9.4"]
[White "Sengupta, Deep"]
[Black "Halkias, Stelios"]
[Result "1-0"]
[WhiteElo "2580"]
[BlackElo "2534"]
[EventDate "2015.10.17"]
[PlyCount "139"]

1.e4 e5 2.Nf3 Nc6 3.Bb5 a6 4.Ba4 Nf6 5.O-O Be7 6.Re1 b5 7.Bb3 O-O 8.c3 d5 
9.exd5 Nxd5 10.Nxe5 Nxe5 11.Rxe5 c6 12.d4 Bd6 13.Re1 Qh4 14.g3 Qh3 15.Re4 
g5 16.Qf1 Qh5 17.Bd1 Qg6 18.Re1 Bf5 19.Nd2 Rae8 20.Nf3 Bd3 21.Qg2 f6 22.
Bd2 g4 23.Nh4 Qg5 24.Rxe8 Rxe8 25.f3 Bf4 26.gxf4 Qxh4 27.Qxg4+ Qxg4+ 28.
fxg4 f5 29.g5 Be2 30.Bc2 Bf3 31.Bd3 Kf7 32.Kf2 Be4 33.Be2 Rb8 34.a4 bxa4 
35.Bc1 Nb6 36.Bxa6 Bd5 37.Bd3 Kg6 38.h4 Rb7 39.h5+ Kxh5 40.Bxf5 Nc4 41.Kg3
Nd6 42.Bd3 Re7 43.Bd2 Ne4+ 44.Bxe4 Bxe4 45.Rxa4 Bd3 46.Ra1 Re2 47.Rh1+ Kg6
48.Kf3 Re6 49.Rh6+ Kf7 50.Rh2 Kg6 51.Be3 Be4+ 52.Kg3 Bd5 53.Kf2 Re7 54.b3 
Bxb3 55.Rh6+ Kf5 56.Rxc6 Ke4 57.Ke2 Be6 58.Kd2 Bg4 59.Rc5 Ra7 60.Re5+ Kf3 
61.d5 Ra2+ 62.Kd3 Bh3 63.d6 Bf1+ 64.Kd4 Ra4+ 65.Kd5 Ra5+ 66.Bc5 Kxf4 67.d7
Bg2+ 68.Kd4 Ra1 69.Bd6 Rd1+ 70.Kc5 1-0

[Event "19th Hoogeveen op"]
[Site "Hoogeveen NED"]
[Date "2015.10.24"]
[Round "9.5"]
[White "Ernst, Sipke"]
[Black "Pavlidis, Antonios"]
[Result "1/2-1/2"]
[WhiteElo "2527"]
[BlackElo "2522"]
[EventDate "2015.10.17"]
[PlyCount "160"]

1.d4 Nf6 2.c4 e6 3.g3 d5 4.Nf3 Be7 5.Bg2 O-O 6.Qc2 c6 7.O-O b6 8.Rd1 Bb7 
9.Bf4 Nbd7 10.Ne5 Rc8 11.Nc3 Nxe5 12.dxe5 Nd7 13.cxd5 cxd5 14.e4 dxe4 15.
Bxe4 Bxe4 16.Qxe4 Qe8 17.Qb7 Nc5 18.Qxa7 Ra8 19.Qxb6 Rb8 20.Qa7 Rb7 21.Qa5
Rxb2 22.Rab1 Rxb1 23.Rxb1 Qa8 24.Qxa8 Rxa8 25.Be3 Nd3 26.Rb5 Bb4 27.Ne2 h6
28.Nf4 Nxf4 29.gxf4 Ra4 30.Rb7 Ba5 31.Rb2 Bc3 32.Rc2 Bd4 33.Kg2 g5 34.h4 
Bxe3 35.fxe3 gxf4 36.Kf3 fxe3 37.h5 Ra5 38.Ke4 Kf8 39.Rb2 Ke7 40.Rb7+ Ke8 
41.Rb2 Ke7 42.Rb7+ Ke8 43.Rb2 Kd7 44.Rc2 Ke7 45.Rb2 f5+ 46.exf6+ Kxf6 47.
Rh2 e2 48.Rxe2 Rxh5 49.Rf2+ Ke7 50.a4 Ra5 51.Ra2 h5 52.Ra1 Kf6 53.Kf4 e5+ 
54.Ke4 h4 55.Rf1+ Kg5 56.Rg1+ Kh5 57.Kf5 Rxa4 58.Rg5+ Kh6 59.Rg6+ Kh7 60.
Re6 h3 61.Kg5 Ra3 62.Rh6+ Kg7 63.Rh4 Re3 64.Kf5 Kf7 65.Rh7+ Kg8 66.Rh5 Kg7
67.Rh4 Kf8 68.Rh7 Ke8 69.Kg4 Kf8 70.Rxh3 Rxh3 71.Kxh3 Ke7 72.Kg3 Ke6 73.
Kf3 Kd5 74.Ke3 e4 75.Ke2 Kd4 76.Kd2 e3+ 77.Ke2 Ke4 78.Ke1 Kd3 79.Kd1 e2+ 
80.Ke1 Ke3 1/2-1/2

[Event "19th Hoogeveen op"]
[Site "Hoogeveen NED"]
[Date "2015.10.24"]
[Round "9.6"]
[White "Schroeder, Jan Christian"]
[Black "Vishnu, Prasanna V"]
[Result "1/2-1/2"]
[WhiteElo "2519"]
[BlackElo "2503"]
[EventDate "2015.10.17"]
[PlyCount "39"]

1.e4 e5 2.Nf3 Nc6 3.Bb5 a6 4.Ba4 Nf6 5.O-O Bc5 6.c3 b5 7.Bb3 d6 8.a4 Bg4 
9.d3 b4 10.h3 Bxf3 11.Qxf3 O-O 12.a5 bxc3 13.bxc3 Rb8 14.Nd2 Na7 15.Bb2 
Nb5 16.Qd1 Ba7 17.Ra4 Nd7 18.d4 exd4 19.cxd4 c5 20.d5 1/2-1/2

[Event "19th Hoogeveen op"]
[Site "Hoogeveen NED"]
[Date "2015.10.24"]
[Round "9.7"]
[White "Beerdsen, Thomas"]
[Black "Ehlvest, Jaan"]
[Result "1/2-1/2"]
[WhiteElo "2313"]
[BlackElo "2535"]
[EventDate "2015.10.17"]
[PlyCount "105"]

1.e4 c5 2.Nf3 e6 3.d4 cxd4 4.Nxd4 a6 5.Nc3 d6 6.Be3 b5 7.Bd3 Bb7 8.O-O Nf6
9.a3 Nbd7 10.f4 Rc8 11.Qf3 Be7 12.Qg3 O-O 13.e5 dxe5 14.fxe5 Nh5 15.Qh3 g6
16.Rad1 Ng7 17.Be4 Qc7 18.Bxb7 Qxb7 19.Nf3 Nf5 20.Bf2 h5 21.Rfe1 Rc4 22.
Nd4 Nxd4 23.Rxd4 Rfc8 24.Qd3 Rxd4 25.Bxd4 Rc4 26.Kh1 Qc7 27.b3 Rc6 28.Qf3 
Bc5 29.Rf1 f5 30.Ne2 Bxa3 31.Nf4 Nf8 32.c3 Be7 33.h3 Qb7 34.Kh2 Bd8 35.Rd1
Qc8 36.g4 hxg4 37.hxg4 Rc7 38.gxf5 Rh7+ 39.Kg2 gxf5 40.Kf2 Qb7 41.Rg1+ Kh8
42.Qxb7 Rxb7 43.Bc5 Bb6 44.Bxb6 Rxb6 45.Nh5 Nd7 46.Nf6 Nxf6 47.exf6 Kh7 
48.f7 Rb8 49.Re1 Kg7 50.Rxe6 Kxf7 51.Rxa6 Rc8 52.c4 bxc4 53.bxc4 1/2-1/2

[Event "19th Hoogeveen op"]
[Site "Hoogeveen NED"]
[Date "2015.10.24"]
[Round "9.8"]
[White "Stocek, Jiri"]
[Black "Dijkhuis, Tycho"]
[Result "1/2-1/2"]
[WhiteElo "2566"]
[BlackElo "2355"]
[EventDate "2015.10.17"]
[PlyCount "129"]

1.c4 e5 2.Nc3 Nf6 3.Nf3 Nc6 4.e3 Bb4 5.Qc2 O-O 6.Nd5 Be7 7.d4 exd4 8.Bd3 
Nb4 9.Nxf6+ Kh8 10.Qb3 Nxd3+ 11.Qxd3 Bxf6 12.exd4 Re8+ 13.Be3 b6 14.h4 Kg8
15.Ng5 g6 16.Ne4 Bg7 17.Nc3 d5 18.cxd5 Bb7 19.O-O-O Bxd5 20.f3 Bc4 21.Qd2 
Qe7 22.Bg5 f6 23.Bf4 Rad8 24.Rhe1 Qf7 25.Rxe8+ Rxe8 26.Kb1 Rd8 27.Qc2 f5 
28.Be5 c6 29.b3 Be6 30.Bxg7 Kxg7 31.Ne2 Qe7 32.h5 Bf7 33.hxg6 hxg6 34.Qd2 
Re8 35.Nc3 Qe3 36.Kc2 Qxd2+ 37.Kxd2 Kf6 38.Ne2 g5 39.Rc1 Bd5 40.Nc3 Be6 
41.Rh1 Kg6 42.Re1 Kf6 43.g4 Rh8 44.gxf5 Bxf5 45.Rc1 Rd8 46.Ke3 Rh8 47.b4 
Rh3 48.Ne4+ Bxe4 49.Kxe4 Rh4+ 50.Ke3 Kf5 51.Rxc6 Rh2 52.a3 Ra2 53.Rc3 Ke6 
54.Ke4 Kd6 55.b5 Re2+ 56.Re3 Rb2 57.a4 Ra2 58.Re1 Ke6 59.Kd3+ Kf5 60.d5 
Ra3+ 61.Kc2 Rxa4 62.Re4 Ra2+ 63.Kd3 Ra3+ 64.Ke2 Ra2+ 65.Kd3 1/2-1/2

[Event "19th Hoogeveen op"]
[Site "Hoogeveen NED"]
[Date "2015.10.24"]
[Round "9.9"]
[White "Das, Arghyadip"]
[Black "Shabalov, Alexander"]
[Result "0-1"]
[WhiteElo "2467"]
[BlackElo "2522"]
[EventDate "2015.10.17"]
[PlyCount "96"]

1.e4 c5 2.Nf3 e6 3.d4 cxd4 4.Nxd4 a6 5.c4 b6 6.Nc3 Bb7 7.Be2 d6 8.O-O Nf6 
9.f3 Nbd7 10.Be3 Be7 11.a4 O-O 12.a5 bxa5 13.Nb3 Rb8 14.Ba7 Rc8 15.Nxa5 
Ba8 16.Be3 Re8 17.Kh1 h5 18.Bf2 Ne5 19.Ra4 Nfd7 20.Ra1 h4 21.Kg1 Ng6 22.
Be3 Rb8 23.Qd2 Nf6 24.Ba7 Rc8 25.Na4 h3 26.g3 d5 27.Bb6 Qd6 28.exd5 Ne5 
29.Bd4 Nfd7 30.Nc3 exd5 31.cxd5 Bxd5 32.Be3 Ba8 33.Qxd6 Bxd6 34.Bd4 Nc5 
35.Rad1 Ne6 36.Bxe5 Bxe5 37.Bxa6 Rb8 38.Nc4 Bd4+ 39.Kh1 Bxc3 40.bxc3 Ng5 
41.Nd2 Rb2 42.Bd3 Re3 43.Be4 Nxe4 44.Nc4 Rxf3 45.Nxb2 Nxg3+ 46.hxg3 Rf2+ 
47.Kg1 Rg2+ 48.Kh1 Rd2+ 0-1

[Event "19th Hoogeveen op"]
[Site "Hoogeveen NED"]
[Date "2015.10.24"]
[Round "9.10"]
[White "Debashis, Das"]
[Black "Baskin, Robert"]
[Result "1/2-1/2"]
[WhiteElo "2501"]
[BlackElo "2338"]
[EventDate "2015.10.17"]
[PlyCount "97"]

1.d4 Nf6 2.c4 g6 3.Nc3 d5 4.Qb3 dxc4 5.Qxc4 Be6 6.Qb5+ Bd7 7.Qxb7 Nc6 8.e3
Rb8 9.Qa6 Nb4 10.Qe2 c5 11.Nf3 Bg7 12.a3 Qa5 13.Qd2 Bf5 14.axb4 Qxa1 15.
bxc5 Ne4 16.Nxe4 Bxe4 17.Be2 O-O 18.O-O Qa4 19.Qc3 e5 20.Nxe5 Bxe5 21.dxe5
Qc2 22.Qxc2 Bxc2 23.Bg4 Rb5 24.c6 Rxe5 25.Bd2 f5 26.Be2 Rc8 27.Bc3 Rc5 28.
Bd4 R5xc6 29.Bxa7 Bb3 30.Bd4 Rc1 31.Bc3 Rxf1+ 32.Kxf1 Ra8 33.f3 Kf7 34.Kf2
Ke6 35.h4 Ra1 36.Kg3 Rh1 37.Bb5 Kf7 38.Bc6 h6 39.e4 fxe4 40.Bxe4 Rd1 41.
Kf4 Rg1 42.g4 Rh1 43.Kg3 Rd1 44.h5 gxh5 45.gxh5 Rg1+ 46.Kf2 Rg5 47.Bg6+ 
Rxg6 48.hxg6+ Kxg6 49.Ke3 1/2-1/2

[Event "19th Hoogeveen op"]
[Site "Hoogeveen NED"]
[Date "2015.10.24"]
[Round "9.12"]
[White "Schoehuys, Erik"]
[Black "Gopal, Geetha Narayanan"]
[Result "0-1"]
[WhiteElo "2182"]
[BlackElo "2536"]
[EventDate "2015.10.17"]
[PlyCount "110"]

1.d4 Nf6 2.c4 g6 3.Nc3 d5 4.cxd5 Nxd5 5.e4 Nxc3 6.bxc3 Bg7 7.Nf3 c5 8.Be2 
O-O 9.Rb1 b6 10.O-O Qc7 11.Bg5 Nc6 12.Qc1 Bg4 13.Rd1 Rad8 14.d5 Ne5 15.c4 
f5 16.exf5 Nxf3+ 17.Bxf3 Bxf3 18.gxf3 Rxf5 19.Re1 Be5 20.Kg2 Rdf8 21.Rb3 
R8f7 22.Re4 Bxh2 23.Bh4 Bf4 24.Qe1 Rh5 25.Bg3 Qd7 26.Re6 Rf6 27.Rd3 Bxg3 
28.fxg3 Rxe6 29.Qxe6+ Qxe6 30.dxe6 Re5 31.Rd7 Rxe6 32.Rxa7 Kf7 33.Kf2 Rd6 
34.Ke3 h5 35.Ra6 Re6+ 36.Kf2 Kf6 37.f4 Kf5 38.a4 Rd6 39.a5 bxa5 40.Rxa5 
Rc6 41.Ra8 Ke4 42.Rd8 Rd6 43.Re8 Kd4 44.Rxe7 Kxc4 45.Ke3 Kb4 46.Rb7+ Kc3 
47.Ke4 c4 48.Rb5 Rd4+ 49.Ke3 Rd3+ 50.Kf2 Kd2 51.Rb2+ Kc1 52.Rb6 c3 53.Rxg6
Kd2 54.f5 c2 55.Rc6 c1=Q 0-1

[Event "19th Hoogeveen op"]
[Site "Hoogeveen NED"]
[Date "2015.10.24"]
[Round "9.13"]
[White "Maris, Ivo"]
[Black "Valdes Romero, Leonardo"]
[Result "1-0"]
[WhiteElo "2319"]
[BlackElo "2362"]
[EventDate "2015.10.17"]
[PlyCount "81"]

1.d4 Nf6 2.c4 g6 3.Nf3 Bg7 4.g3 O-O 5.Bg2 d6 6.Nc3 Nc6 7.O-O e5 8.d5 Ne7 
9.e4 Nd7 10.Ne1 h6 11.Nd3 f5 12.Bd2 Nf6 13.b4 fxe4 14.Nxe4 Nxe4 15.Bxe4 c6
16.g4 cxd5 17.cxd5 Bd7 18.a4 Rc8 19.Qe2 Qe8 20.b5 a6 21.bxa6 bxa6 22.Nb2 
Rf6 23.f3 Rb8 24.Be3 g5 25.Rf2 Qf7 26.Rd1 Rb4 27.h3 a5 28.Qa6 Rb3 29.Rd3 
Rxd3 30.Nxd3 Bxa4 31.Qxa5 Bd1 32.Ne1 Bb3 33.Rd2 Bf8 34.Qb5 Ng6 35.Qxb3 Nf4
36.Bxf4 gxf4 37.Qb8 Qg7 38.Ra2 Rf7 39.Qe8 Ra7 40.Rxa7 Qxa7+ 41.Kf1 1-0

[Event "19th Hoogeveen op"]
[Site "Hoogeveen NED"]
[Date "2015.10.24"]
[Round "9.14"]
[White "Van Osch, Mees"]
[Black "Rudolf, Anna"]
[Result "0-1"]
[WhiteElo "2285"]
[BlackElo "2329"]
[EventDate "2015.10.17"]
[PlyCount "124"]

1.e4 e6 2.d4 d5 3.Nd2 Be7 4.c3 c5 5.exd5 exd5 6.dxc5 Bxc5 7.Nb3 Bb6 8.a4 
Nf6 9.Bb5+ Bd7 10.Qe2+ Qe7 11.Qxe7+ Kxe7 12.Nf3 Ne4 13.O-O f6 14.Nfd4 Nc6 
15.Be3 Ne5 16.Bxd7 Kxd7 17.a5 Bxd4 18.Bxd4 Nc4 19.f3 Ned6 20.Nc5+ Kc6 21.
b3 b6 22.axb6 axb6 23.Nd3 Nd2 24.Nb4+ Kb7 25.Rxa8 Rxa8 26.Re1 Re8 27.Rd1 
Nxb3 28.Bf2 Ra8 29.g4 Ra1 30.Rxa1 Nxa1 31.Nxd5 Nc4 32.Kf1 Nb3 33.Nf4 Ne5 
34.Ke2 Nd7 35.Ne6 g6 36.f4 Kc6 37.Kd3 Kd6 38.Nd4 Ndc5+ 39.Kc4 Nd2+ 40.Kb5 
Nce4 41.Be1 Nxc3+ 42.Kxb6 Nd5+ 43.Kb7 Ne4 44.Kc8 Nxf4 45.Nf3 h5 46.gxh5 
Nxh5 47.Kd8 g5 48.Ke8 g4 49.Nh4 Ke6 50.Ba5 f5 51.Ng2 Nhf6+ 52.Kf8 Nd5 53.
Kg7 f4 54.Nxf4+ Nxf4 55.Bc7 Kf5 56.Ba5 Ng5 57.Be1 Nf3 58.Bg3 Nh5+ 59.Kh6 
Nxg3 60.hxg3 Ne1 61.Kh5 Ng2 62.Kh6 Ke4 0-1